Landmarks of European Countries #2 - Statistics

General Stats
  • This quiz has been taken 358 times
  • The average score is 11 of 20
Answer Stats
Landmark Country % Correct
Windsor Castle United Kingdom
95%
Brandenburg Gate Germany
93%
Auschwitz Concentration Camp Poland
93%
ABBA: The Museum Sweden
91%
Vaduz Castle Liechtenstein
83%
The Geirangerfjord Norway
81%
CERN Headquarters Switzerland
71%
Hermitage Museum Russia
61%
Nikola Tesla Museum Serbia
59%
Atomium Belgium
58%
Park Güell Spain
55%
Plitvice Lakes National Park Croatia
50%
Spiš Castle Slovakia
41%
Vasil Levski National Stadium Bulgaria
36%
Andrićgrad Bosnia and Herzegovina
30%
Ancient Theatre of Ohrid Macedonia
28%
Peggy Guggenheim Collection Italy
24%
Gomel Palace Belarus
22%
Hills of Crosses Lithuania
22%
Skanderbeg Square Albania
20%
No matching quizzes found
Score Distribution
Percent of People with Each Score
Percentile by Number Answered
Your Score History
You have not taken this quiz